Éléments de linguistique générale

Na minha lista:
Detalhes bibliográficos
Autor principal: Martinet, André
Formato: Livro
Idioma:Undetermined
Publicado em: París, Francia Librairie Armand Colin 1967
Assuntos:
Tags: Adicionar Tag
Sem tags, seja o primeiro a adicionar uma tag!

MARC

LEADER 00000nam a2200000Ia 4500
008 170316s9999 xx 000 0 und d
090 |a 410 M-11ele 
100 |a Martinet, André 
245 |a Éléments de linguistique générale 
260 |a París, Francia 
260 |b Librairie Armand Colin 
260 |c 1967 
300 |a 217 páginas 
650 |a LINGÜÍSTICA 
650 |a EN IDIOMA FRANCÉS 
650 |a LA LENGUA 
650 |a LINGÜÍSTICA GENERAL 
999 |c 18580  |d 18580 
040 |a cru BVZT 
942 |c 15 D  |h 410 M-11ele  |2 z